| Tag |
First Indicator |
Second Indicator |
Subfields |
| LEADER |
00000cam a2200000 i 4500 |
| 001 |
in00000624607 |
| 005 |
20151014172244.0 |
| 008 |
780223s1978 nyu b 00110 eng |
| 010 |
|
|
|a 78003498
|
| 020 |
|
|
|a 0070342075
|
| 035 |
|
|
|a (OCoLC)03730359
|
| 035 |
|
|
|9 ACS7826AM
|
| 040 |
|
|
|a DLC
|c DLC
|d CHS
|d m.c.
|d m/c
|d TXA
|d UtOrBLW
|
| 049 |
|
|
|a TXAM
|c [A10980958]
|
| 050 |
0 |
0 |
|a QA76.6
|b .K47 1978
|
| 082 |
0 |
|
|a 001.6/42
|
| 100 |
1 |
|
|a Kernighan, Brian W.
|
| 245 |
1 |
4 |
|a The elements of programming style /
|c Brian W. Kernighan, P. J. Plauger.
|
| 250 |
|
|
|a 2d ed.
|
| 264 |
|
1 |
|a New York :
|b McGraw-Hill,
|c [1978]
|
| 264 |
|
4 |
|c ©1978
|
| 300 |
|
|
|a xii, 168 pages ;
|c 23 cm.
|
| 336 |
|
|
|a text
|b txt
|2 rdacontent
|
| 337 |
|
|
|a unmediated
|b n
|2 rdamedia
|
| 338 |
|
|
|a volume
|b nc
|2 rdacarrier
|
| 504 |
|
|
|a Bibliography: page 157.
|
| 500 |
|
|
|a Includes index.
|
| 650 |
|
0 |
|a Computer programming.
|
| 650 |
|
2 |
|a Computers.
|
| 650 |
|
2 |
|a Operations Research.
|
| 650 |
|
2 |
|a System analysis.
|
| 700 |
1 |
|
|a Plauger, P. J.,
|d 1944-
|
| 999 |
|
|
|a MARS
|
| 999 |
f |
f |
|s 00feacd1-57f5-337a-828d-5952db5a67dd
|i 084ea364-9b6e-35cd-97ad-fea65d43612a
|t 0
|
| 952 |
f |
f |
|p ric
|a Texas A&M University
|b Rellis Campus
|c Joint Library Facility
|s JLF
|d Remote Storage
|t 0
|e QA76.6 .K47 1978
|h Library of Congress classification
|i unmediated -- volume
|m A14835798075
|
| 998 |
f |
f |
|a QA76.6 .K47 1978
|t 0
|l Remote Storage
|